Composition liverpool finale ligue des champions 2007 - Statistiques

Statistiques générales
  • Ce quiz a été pris 204 fois
  • Le résultat moyen est 4 sur 12
Statistiques - réponses
Numéro Joueur % Correct
8 (cap) Gerrard
98%
23 Carragher
54%
Entraîneur Benítez
48%
18 Kuyt
45%
25 Reina
42%
14 Xabi Alonso
36%
6 Riise
31%
20 Mascherano
24%
5 Agger
22%
3 Finnan
11%
16 Pennant
5%
32 Zenden
4%
Aucun quiz correspondant
Distribution des résultats
% des personnes avec chaque résultat
Percentile par nombre de réponses
Votre historique - résultats
Vous n’avez pas pris ce quiz